000 00532nam a2200181 a 4500
005 20140310183218.0
008 030719s19uu xx 00 eng d
020 _a024051670
050 _aT 385
_b.K96 2002
100 _aKuperberg, Marcia
245 _aA guide to computer animation :
_bfor tv, games, multimedia and web /
_cMarcia Kuperberg.
260 _aBoston :
_bFocal Press,
_c2002.
300 _a249 p. :
_bcol. ill. ;
_c24 cm.
521 _aMC
650 _aComputer animation
942 _cBK
_2lcc
_kFOR
999 _c20272
_d20272